A kötet szerzői

Elmentve itt :
Bibliográfiai részletek
Dokumentumtípus: Könyv része
Megjelent: 2013
Sorozat:A szegedi és hódmezővásárhelyi deszegregációt támogató Hallgatói Mentorprogram : öt év tapasztalatai
Kulcsszavak:Cigány gyermekek nevelése - Magyarország, Oktatásügy - Magyarország, Szeged, Integrált oktatás, Hátrányos helyzet - oktatásügy - cigány gyermekek - Magyarország
Online Access:http://acta.bibl.u-szeged.hu/58331
LEADER 00775naa a2200169 i 4500
001 acta58331
005 20260224081030.0
008 190606s2013 hu o 000 hun d
020 |a 978-963-9573-97-0 
040 |a SZTE Egyetemi Kiadványok Repozitórium  |b hun 
041 |a hun 
245 0 2 |a A kötet szerzői  |h [elektronikus dokumentum] 
260 |c 2013 
300 |a 222-223 
490 0 |a A szegedi és hódmezővásárhelyi deszegregációt támogató Hallgatói Mentorprogram : öt év tapasztalatai 
695 |a Cigány gyermekek nevelése - Magyarország, Oktatásügy - Magyarország, Szeged, Integrált oktatás, Hátrányos helyzet - oktatásügy - cigány gyermekek - Magyarország 
856 4 0 |u http://acta.bibl.u-szeged.hu/58331/1/2013_mentorkonyv_222-223.pdf  |z Dokumentum-elérés